| 000 | 00927cas a2200313 i 4500 | ||
|---|---|---|---|
| 999 |
_c200447419 _d65631 |
||
| 001 | 200447419 | ||
| 003 | TR-AnTOB | ||
| 005 | 20240903163642.0 | ||
| 007 | ta | ||
| 008 | 980728c19uu9999tu r 000 0tur d | ||
| 035 | _a(TR-AnTOB)200447419 | ||
| 040 |
_aBGZ _beng _erda _cBGZ _dTR-AnTOB |
||
| 041 | 0 | _atur | |
| 050 | 4 |
_aHD5811.93.A6 _bÇ35 |
|
| 090 | _aTOBBK HD5811.93.A6 Ç35 | ||
| 110 | 2 |
_aTürkiye İş Kurumu _992470 |
|
| 222 | 0 | _aÇalışma raporu | |
| 245 | 0 | 0 | _aÇalışma raporu. |
| 264 | 1 |
_aAnkara : _bİş ve İşçi Bulma Kurumu Genel Müdürlüğü, _c2003- |
|
| 300 |
_avolumes ; _c27 cm |
||
| 310 | _aAnnual | ||
| 336 |
_atext _btxt _2rdacontent |
||
| 337 |
_aunmediated _bn _2rdamedia |
||
| 338 |
_avolume _bnc _2rdacarrier |
||
| 650 | 7 |
_aİşgücü arzı _zTürkiye _vSüreli yayınlar _2etuturkob _989329 |
|
| 942 |
_2z _cCR |
||